La sécurité dans les réseaux sans fil et mobiles 2 : (Record no. 56723)

MARC details
000 -LEADER
fixed length control field 00649nam a22002057a 4500
003 - CONTROL NUMBER IDENTIFIER
control field 00
005 - DATE AND TIME OF LATEST TRANSACTION
control field 20170717104525.0
008 - FIXED-LENGTH DATA ELEMENTS--GENERAL INFORMATION
fixed length control field 170717b xxu||||| |||| 00| 0 eng d
020 ## - NUMERO INTERNATIONAL NORMALISE DES LIVRES
International Standard Book Number 978-2-7462-1698-3
040 ## - SOURCE DU CATALOGAGE
Original cataloging agency BUAC
Transcribing agency BUC
041 ## - CODE DE LANGUE
Language code of text/sound track or separate title Fre.
100 ## - VEDETTE PRINCIPALE - NOM DE PERSONNE
Personal name Chaouchi, Hakima
245 ## - TITLE STATEMENT
Title La sécurité dans les réseaux sans fil et mobiles 2 :
Remainder of title Technologies du marché
Statement of responsibility, etc / par Hakima Chaouchi , Maryline Laurent-Maknavicius
260 ## - PUBLICATION, DISTRIBUTION, ETC. (IMPRINT)
Place of publication, distribution, etc Paris:
Name of publisher, distributor, etc Lavoisier,
Date of publication, distribution, etc 2007
300 ## - PHYSICAL DESCRIPTION
Extent 249 p.
Other physical details couv. en coul. ;
Dimensions 24 cm
440 ## - SERIES STATEMENT/ADDED ENTRY--TITLE
Title ( Information - commande - communication)
500 ## - GENERAL NOTE
General note Index pp.235-241
600 ## - SUBJECT ADDED ENTRY--PERSONAL NAME
Source of heading or term Pujolle, Guy
942 ## - ADDED ENTRY ELEMENTS (KOHA)
Koha item type Libre Accès
Holdings
Withdrawn status Lost status Damaged status Not for loan Location (home branch) Sublocation or collection (holding branch) Shelving location Date acquired Source of acquisition Coded location qualifier Koha issues (times borrowed) Koha full call number Piece designation (barcode) Koha date last seen Copy number Price effective from Koha item type
        Bibliothèque Universitaire Centrale Bibliothèque Universitaire Centrale   17/07/2017 DON ARES 17/273   621.39 CHA 17-273Buc 17/07/2017 01 17/07/2017 Libre Accès


© 2008, Bibliothèques de l'Université d'Abomey-Calavi

04 BP 789 Cotonou, Tél. : +229 21 36 01 01, Fax : +229 21 35 06 32

Courriel : bu@bu.uac.bj